1580 1213 1816 1511 1166 1947 1392 1975 1377 1680 1606 1397 1124 1029 1071 1012 1440 1623 1974 1906 1425 1902 1832 1278 1051 1819 1356 1586 1839 1399 1735 1562 1637 1431 1319 1750 1188 1562 1527 1227 1800 1236 1262 1636 1437 1010 1446 1346 1758 1693 1113 1823 1093 1321 1225 1199 1596 1179 1257 1959 1851 1867 1542 1380 1991 1377 1515 1406 1584 1230 1277 1834 1865 1731 1830 1818 1660 1978 1898 1502 1430 1994 1078 1554 1127 1472 1213 1277 1319 1201 1699 1829 1703 1560 1163 1490 1942 1538 1883 BCNSPRNW ULIB Ver.6.0+V

เปลี่ยนเป็นภาษาไทย

Change to English
 แสดงรายละเอียดบรรณานุกรม
  กลับหน้าหลัก

Brief Record : Get Marc (ISO 2709) : E-mail record : QR code < ปิดหน้าต่าง
LEADER : 00000nam 2200000uu 4500
001    13399120353
003     ULIB
008    120918s2548||||th 000 0 tha d
020    ^a9749377656
020    ^a9789749377659
060 04 ^aWY157^bว337ก 2548
245 00 ^aการพยาบาลสูติศาสตร์ =^bอาหารสมุนไพรสำหรับสตรีมีครรภ์และมารดาหลังคลอด : Obstetrics nursing herb diet for pregnancy and post partumwomen /^cบรรณาธิการ, วรุณวรรณ ผาโคตร, สิรนาถ นุชนาถ
246 31 ^aObstetrics nursing herb diet for pregnancy and post partumwomen
250    ^aพิมพ์ครั้งที่ 1
260    ^aกรุงเทพฯ :^bเค.เอส.พี การพิมพ์,^c2548
300    ^aก-ญ, 256 หน้า ;^c26 ซม.
650  7 ^aการพยาบาลสูติศาสตร์
650  7 ^aมารดา^xโภชนาการ
650  7 ^aระยะหลังคลอด^xโภชนาการ
650  7 ^aสมุนไพร
650  7 ^aสูติศาสตร์
650  7 ^aอนามัยแม่และเด็ก
700 0  ^aวรุณวรรณ ผาโคตร,^eบรรณาธิการ
700 0  ^aสิรนาถ นุชนาถ,^eบรรณาธิการ
945    ^p199^l0^i14214
995    ^aวิภา
999 ^a ใช้งานได้ทุกระบบ
รายการนี้ยังไม่มีแท็ก
คุณยังไม่ได้ล็อกอิน คุณสามารถมีกิจกรรมร่วมกับเว็บไซต์ได้ แต่ต้องล็อกอินก่อน ::
  ล็อกอิน

รายการสื่อสารสนเทศ

ลำดับที่ ประเภท เลขเรียก/บาร์โค้ด สถานที่ สถานะ
1. วิทยาศาสตร์การแพทย์ และสุขภาพ
วิทยาศาสตร์การแพทย์ และสุขภาพ
WY157 ว337ก 2548  
  Barcode: 14214
ห้องสมุดวิทยาเขตสวรรค์ประชารักษ์
►หนังสือทั่วไป
บนชั้น

รายการใกล้เคียง
    หัวเรื่อง [การพยาบาลสูติศาสตร์]
    หัวเรื่อง [สมุนไพร]
    หัวเรื่อง [สูติศาสตร์]
    หัวเรื่อง [อนามัยแม่และเด็ก]

BibComment


ยังไม่เคยถูกคอมเมนท์

คอมเมนท์ทรัพยากรรายการนี้
  คอมเมนท์: การพยาบาลสูติศาส..


 Copyright 2026. Bcnsprnw @Library